| 000 | 01095nam a22003257a 4500 | ||
|---|---|---|---|
| 001 | 000682 | ||
| 003 | DO-SdBNP | ||
| 005 | 20180208131559.0 | ||
| 007 | 000682 | ||
| 008 | 161110b 1995 ck a ||||| |||| 00| 0 spa d | ||
| 020 | _a9582401281 | ||
| 040 |
_aBPMSU _bspa _cBPMSU |
||
| 082 |
_axxxx _bxxxx |
||
| 100 | 1 |
_aLobel, Arnold, _d1933-1987. |
|
| 240 | 1 |
_aFrog and Toad are friends. _lEspañol |
|
| 245 | 1 | 0 |
_aSapo y Sepo son amigos / _cArnold Lobel ; traducción de Pablo Lizcano. |
| 250 | _a4ª reimp. | ||
| 260 |
_aMéxico : _bAlfaguara, _c1995. |
||
| 300 |
_a66 p. : _bil. ; _c19 cm. |
||
| 490 | 1 | _aInfantil Alfaguara | |
| 500 | _aPara niños a partir de los 6 años. | ||
| 500 | _aCuarta reimpresión: julio de 1995 | ||
| 500 | _aIncluye datos biográficos de la autora en la solapa de la contracubierta | ||
| 505 | 0 |
_tPrimavera -- _tEl cuento -- _tUn botón perdido -- _tUn baño -- _tLa carta. |
|
| 700 | 1 | 2 |
_aLizcano, Pablo, _etr. |
| 830 | 0 | _aInfantil Alfaguara | |
| 942 |
_2ddc _cBK |
||
| 945 | _aInventariado, 2018 /LP | ||
| 956 |
_2LOPEREZ _310 _620161110 _8BPMSU _a00041 |
||
| 999 |
_c11902 _d11902 |
||